000 00831nam a2200253 a 4500
001 000023644
005 20200930022352.0
008 101216s1999 ve a r 000 0 spa d
020 _a980354070X
040 _aDO-SdBNP
_bspa
_cBNPHU
082 _a135.3
_bA958L
100 1 _aÁvila Vega, José Alfredo
_948721
245 1 0 _aLibro sagrado de los sueños /
_cJosé Alfredo Ávila Vega.
260 _aCaracas, Venezuela :
_bAlfadil Ediciones,
_c1999.
300 _a206, [2] p. :
_bil. ;
_c23 cm.
490 1 _aVida alternativa
_v16
500 _aIncluye datos del autor en la solapa de la contracubierta
504 _aBibliografías: p. 205-206.
650 4 _aParapsicología
_92394
650 4 _aSueños
_941871
700 1 _aInfante Daboín, Bernardo
_eed.
_916786
830 0 _aVida alternativa ;
_v16
_940327
049 _aBNGR
999 _c23140
_d23140